Breve historia de la formación constitucional francesa (Registro nro. 16666)

Detalles MARC
000 -LEADER
fixed length control field 00341 a2200109 4500
001 - CONTROL NUMBER
control field ART_2596
005 - DATE AND TIME OF LATEST TRANSACTION
control field 20260410161718.0
008 - FIXED-LENGTH DATA ELEMENTS--GENERAL INFORMATION
fixed length control field 260409a
100 1# - MAIN ENTRY--PERSONAL NAME
Personal name Bianchi, Alberto B.
245 10 - TITLE STATEMENT
Title Breve historia de la formación constitucional francesa
773 0# - HOST ITEM ENTRY
Title Derecho administrativo
Related parts - Nº 75 (ene./mar. 2011)
Record control number REV1721

No hay ítems disponibles.